000 00833nam a2200241 a 4500
008 120416s1998 ||||||||||||||||| || u
020 _a052157823X
050 _aQC 6 Cus
100 _aCushing, James T., 1937-
245 1 0 _aPhilosophical concepts in physics
246 _athe historical relation between philosophy and scientific theories
260 _aCambridge
_bCambridge University Press
_c1998
300 _axix, 424p. : ill.
350 _a0.00
500 _aBibliography
650 _aSCIENCE - HISTORY
650 0 _aPHYSICS
650 _aPHYSICS--HISTORY
650 _aPHYSICS--PHILOSOPHY
650 0 _aSCIENCE--PHILOSOPHY
650 _aSCIENCE--HISTORY
995 _D0.00
_FCBU-MAIN LIBRARY (Kitwe)
_H1
_I18.00
_M1
_UAVAILABLE
_ZAnnex Low-Usage Collection
999 _c53488
_d53488